[Event "Geneve Cavaliers Fous op 8th"]
[Site "Geneve"]
[Date "2022.10.07"]
[Round "5"]
[White "Callealta, Andres"]
[Black "Jourdain, Louis"]
[Result "1-0"]
[WhiteElo "1591"]
[BlackElo "1114"]
[PlyCount "45"]
[EventDate "2022.09.02"]
[EventType "swiss"]
[EventRounds "7"]
[EventCountry "SUI"]
[SourceTitle "EXT 2024"]
[Source "ChessBase"]
[SourceDate "2023.10.10"]
[SourceVersion "1"]
[SourceVersionDate "2023.10.10"]
[SourceQuality "1"]

1. e4 c6 2. Nc3 d5 3. Qf3 Nf6 4. e5 Nfd7 5. d4 Qb6 6. Nce2 e6 7. Nh3 Na6 8. Ng5 f6 9. Nxe6 Nxe5 10. Nxg7+ Bxg7 11. dxe5 0-0 12. exf6 Rxf6 13. Qe3 Qb4+ 14. Qc3 Re6 15. Qxb4 Nxb4 16. Kd1 Rf6 17. a3 Na6 18. f3 Nc7 19. Ng3 Rf8 20. Bd3 Ne6 21. c3 Nc5 22. Bc2 b6 23. Re1 1-0

[Event "Geneve Cavaliers Fous op 8th"]
[Site "Geneve"]
[Date "2022.09.30"]
[Round "4"]
[White "Daverio, Edoardo"]
[Black "Callealta, Andres"]
[Result "1-0"]
[WhiteElo "1970"]
[BlackElo "1591"]
[PlyCount "97"]
[EventDate "2022.09.02"]
[EventType "swiss"]
[EventRounds "7"]
[EventCountry "SUI"]
[SourceTitle "EXT 2024"]
[Source "ChessBase"]
[SourceDate "2023.10.10"]
[SourceVersion "1"]
[SourceVersionDate "2023.10.10"]
[SourceQuality "1"]

1. d4 d5 2. c4 c6 3. Nf3 Nf6 4. Nc3 e6 5. cxd5 exd5 6. Bg5 Be7 7. e3 h6 8. Bh4 Bg4 9. Bd3 Nbd7 10. h3 Be6 11. Qc2 Rc8 12. 0-0 0-0 13. Rac1 a6 14. Rfd1 Re8 15. Qe2 Nf8 16. Ne5 Ne4 17. Bxe7 Nxc3 18. Rxc3 Qxe7 19. Rdc1 Qf6 20. b4 Bf5 21. Bxa6 bxa6 22. Rxc6 Rxc6 23. Rxc6 Re6 24. Qxa6 Rxc6 25. Qxc6 Qxc6 26. Nxc6 Ng6 27. b5 Bd7 28. Nb4 Bxb5 29. Nxd5 Kf8 30. f3 Ne7 31. Nc3 Bc4 32. e4 Nc6 33. d5 Nd4 34. Kf2 Nb5 35. Nxb5 Bxb5 36. h4 Ke7 37. Ke3 Kd6 38. Kd4 f6 39. f4 g5 40. e5+ fxe5+ 41. fxe5+ Kc7 42. hxg5 hxg5 43. Kc5 Bf1 44. g3 Bg2 45. a4 Bf1 46. a5 Be2 47. e6 Kd8 48. d6 Kc8 49. Kd4 1-0

[Event "Geneve Cavaliers Fous op 8th"]
[Site "Geneve"]
[Date "2022.09.16"]
[Round "2"]
[White "Thompson, Charles William"]
[Black "Callealta, Andres"]
[Result "0-1"]
[WhiteElo "1256"]
[BlackElo "1591"]
[PlyCount "30"]
[EventDate "2022.09.02"]
[EventType "swiss"]
[EventRounds "7"]
[EventCountry "SUI"]
[SourceTitle "EXT 2024"]
[Source "ChessBase"]
[SourceDate "2023.10.10"]
[SourceVersion "1"]
[SourceVersionDate "2023.10.10"]
[SourceQuality "1"]

1. e4 c6 2. d4 d5 3. e5 Bf5 4. Nf3 e6 5. Bf4 c5 6. c3 Nc6 7. Bb5 cxd4 8. Bxc6+ bxc6 9. cxd4 Bb4+ 10. Nc3 Ne7 11. 0-0 0-0 12. Qc1 c5 13. dxc5 Bxc5 14. Ng5 Rc8 15. Nb5 Bxf2+ 0-1